000 00680nam a2200277Ia 4500
005 20260324133733.0
008 008 260324s9999 xx 000 0 eng d
020 _a9781315239439
037 _aEBOOK
040 _aCRL
040 _beng
040 _cCRL
041 _2eng
041 _aeng
084 _qCRL
100 _aJohn J. Kirton; Radoslava N. Stefanova
_91194203
245 4 _aThe G8, the United Nations, and Conflict Prevention
260 _bTaylor and Francis
260 _c2003
365 _a
365 _b65.99
856 _uhttp://www.taylorfrancis.com/books/9781315239439
942 _cEBOOK
999 _c1793573
_d1793573